Ādhunika Oḍiā sāhityara gatipatha. (Record no. 71159)

MARC details
000 -LEADER
fixed length control field 00537cam a22002171 4500
001 - CONTROL NUMBER
control field sa 66007396
003 - CONTROL NUMBER IDENTIFIER
control field DLC
005 - DATE AND TIME OF LATEST TRANSACTION
control field 20260227112304.0
008 - FIXED-LENGTH DATA ELEMENTS--GENERAL INFORMATION
fixed length control field 890815s1965 ii 000 0 orio
010 ## - LIBRARY OF CONGRESS CONTROL NUMBER
LC control number sa 66007396
035 ## - SYSTEM CONTROL NUMBER
System control number (OCoLC)20181310
040 ## - CATALOGING SOURCE
Original cataloging agency DLC
Transcribing agency WaU
Modifying agency DLC
042 ## - AUTHENTICATION CODE
Authentication code premarc
050 00 - LIBRARY OF CONGRESS CALL NUMBER
Classification number PK2571
Item number .M53
100 1# - MAIN ENTRY--PERSONAL NAME
Personal name Misra, Gopal Chandra,
Dates associated with a name 1925-
245 10 - TITLE STATEMENT
Title Ādhunika Oḍiā sāhityara gatipatha.
260 ## - PUBLICATION, DISTRIBUTION, ETC.
Date of publication, distribution, etc. [1965]
300 ## - PHYSICAL DESCRIPTION
Extent 124 p.
Dimensions 19 cm.
500 ## - GENERAL NOTE
General note In Oriya.
650 #0 - SUBJECT ADDED ENTRY--TOPICAL TERM
Topical term or geographic name entry element Oriya literature.

No items available.

Powered by Koha